[Event "Avoine op 28th"]
[Site "Avoine"]
[Date "2013.07.20"]
[Round "1"]
[White "Delalande, Thierry"]
[Black "Dornbusch, Tatiana"]
[Result "0-1"]
[WhiteElo "2071"]
[BlackElo "2322"]
[PlyCount "77"]
[EventDate "2013.07.20"]
[EventType "swiss"]
[EventRounds "9"]
[EventCountry "FRA"]
[SourceTitle "CBM 155 Extra"]
[Source "ChessBase"]
[SourceDate "2013.08.26"]
[SourceVersion "1"]
[SourceVersionDate "2013.08.26"]
[SourceQuality "1"]

1. d4 Nf6 2. c4 c5 3. d5 b5 4. cxb5 a6 5. f3 g6 6. e4 Bg7 7. e5 Ng8 8. f4 d6 9. Nf3 Nh6 10. Nc3 0-0 11. Be2 axb5 12. Bxb5 Qb6 13. Qe2 Nf5 14. 0-0 Ba6 15. Bxa6 Nxa6 16. Kh1 Nd4 17. Qe4 Nb4 18. Bd2 Nbc2 19. Rab1 Rfb8 20. Nxd4 Nxd4 21. Rfd1 Qa6 22. Re1 Rb4 23. a3 Rb3 24. Be3 Nb5 25. Nxb5 Qxb5 26. Bc1 Qd3 27. Qxd3 Rxd3 28. exd6 exd6 29. b4 Bc3 30. Rf1 cxb4 31. axb4 Rb8 32. b5 Rxd5 33. Ba3 Rb6 34. Rb3 Bd2 35. Rd1 Rbxb5 36. Rxb5 Rxb5 37. Bxd6 Rb2 38. Be5 Rc2 39. h3 0-1

[Event "Avoine op 24th"]
[Site "Avoine"]
[Date "2009.07.25"]
[Round "8"]
[White "Binois, Rudy"]
[Black "Delalande, Thierry"]
[Result "1/2-1/2"]
[WhiteElo "1842"]
[BlackElo "2092"]
[PlyCount "40"]
[EventDate "2009.07.18"]
[EventType "swiss"]
[EventRounds "9"]
[EventCountry "FRA"]
[SourceTitle "CBM 131 Extra"]
[Source "ChessBase"]
[SourceDate "2009.09.03"]
[SourceVersion "2"]
[SourceVersionDate "2009.09.16"]
[SourceQuality "1"]

1. c4 c6 2. Nc3 d5 3. cxd5 cxd5 4. d4 Nf6 5. g3 Nc6 6. Bg2 e6 7. e3 Be7 8. Nge2 0-0 9. 0-0 a6 10. a3 b5 11. b4 Bb7 12. Bb2 Nd7 13. Nc1 Nb6 14. Nb3 Nc4 15. Qc2 Nb8 16. Nc5 Bc6 17. a4 bxa4 18. N3xa4 Bb5 19. Rfc1 Nc6 20. Bc3 Qc7 1/2-1/2

[Event "FRA-chT1B 0809"]
[Site "France"]
[Date "2008.11.23"]
[Round "3.7"]
[White "Delalande, Thierry"]
[Black "Gouvart, Stephane"]
[Result "0-1"]
[WhiteElo "2112"]
[BlackElo "1961"]
[PlyCount "116"]
[EventDate "2008.10.19"]
[EventType "team-tourn"]
[EventRounds "11"]
[EventCountry "FRA"]
[SourceTitle "EXT 2010"]
[Source "ChessBase"]
[SourceDate "2010.11.25"]
[SourceVersion "1"]
[SourceVersionDate "2010.11.25"]
[SourceQuality "1"]
[WhiteTeam "Nantes"]
[BlackTeam "Cappelle la Grande"]
[WhiteTeamCountry "FRA"]
[BlackTeamCountry "FRA"]

1. d4 d5 2. c4 c6 3. Nc3 dxc4 4. e3 b5 5. a4 b4 6. Na2 a5 7. Bxc4 Ba6 8. Qe2 Bxc4 9. Qxc4 Qd5 10. Qxd5 cxd5 11. Bd2 e6 12. Nc1 Nf6 13. Nf3 Bd6 14. Nd3 0-0 15. Ke2 Rc8 16. Rhc1 Nbd7 17. b3 Ne4 18. Rxc8+ Rxc8 19. Rc1 Rxc1 20. Bxc1 Kf8 21. Bb2 Ke7 22. h3 f6 23. Nd2 Nxd2 24. Kxd2 Bc7 25. f3 Kd6 26. Ke2 Bb6 27. g4 g6 28. h4 f5 29. h5 fxg4 30. fxg4 gxh5 31. gxh5 Nf6 32. Nf4 Ke7 33. Kf3 Bc7 34. h6 Ng8 35. Nd3 Nxh6 36. Bc1 Nf5 37. Bd2 Kf6 38. Kg4 e5 39. dxe5+ Bxe5 40. Nc5 Kg6 41. Ne6 h5+ 42. Kf3 Nh4+ 43. Kf2 Kf5 44. Nc5 Kg4 45. Nb7 Bc7 46. Nc5 Nf3 47. Bc1 Ne5 48. Bd2 Bb6 49. Ne6 Nd3+ 50. Kg2 Nc5 51. Nd4 Ne4 52. Bc1 h4 53. Ne6 h3+ 54. Kh2 Ng3 55. Nf4 Nf1+ 56. Kh1 Bxe3 57. Bxe3 Nxe3 58. Nd3 Kg3 0-1

[Event "Avoine op 23rd"]
[Site "Avoine"]
[Date "2008.07.23"]
[Round "5"]
[White "Pytel, Bozena"]
[Black "Delalande, Thierry"]
[Result "1/2-1/2"]
[WhiteElo "1991"]
[BlackElo "2108"]
[PlyCount "99"]
[EventDate "2008.07.19"]
[EventType "swiss"]
[EventRounds "9"]
[EventCountry "FRA"]
[SourceTitle "CBM 125 Extra"]
[Source "ChessBase"]
[SourceDate "2008.09.01"]
[SourceVersion "1"]
[SourceVersionDate "2008.09.01"]
[SourceQuality "1"]

1. Nf3 d5 2. d4 Nf6 3. c4 c6 4. e3 a6 5. Nc3 b5 6. cxd5 cxd5 7. Be2 e6 8. 0-0 Nbd7 9. b3 Bd6 10. Bb2 0-0 11. Rc1 Bb7 12. Ne1 Ne4 13. f4 f5 14. Rf3 b4 15. Nxe4 fxe4 16. Rh3 Qe7 17. Nc2 Rac8 18. Ne1 Nf6 19. Rg3 Rxc1 20. Bxc1 Qc7 21. Bd2 Qa5 22. a4 Qc7 23. h4 a5 24. Rh3 Kh8 25. g4 Bc8 26. Rh2 Bd7 27. g5 Ng8 28. Bg4 Ne7 29. Qe2 Nf5 30. Bxf5 exf5 31. h5 Kg8 32. h6 g6 33. Qa6 Rb8 34. Qe2 Bc8 35. Qd1 Ba6 36. Bc1 Rc8 37. Rc2 Qb7 38. Kf2 Rc3 39. Rd2 Qc7 40. Bb2 Rc6 41. Rc2 Kf7 42. Rxc6 Qxc6 43. Qc2 Qxc2+ 44. Nxc2 Bd3 45. Na1 Bf8 46. Ke1 Ke6 47. Kd2 Be7 48. Nc2 Kd7 49. Ne1 Bf1 50. Bc1 1/2-1/2

[Event "Avoine op 23rd"]
[Site "Avoine"]
[Date "2008.07.20"]
[Round "2"]
[White "Ballandras, Marc"]
[Black "Delalande, Thierry"]
[Result "0-1"]
[WhiteElo "1937"]
[BlackElo "2108"]
[PlyCount "150"]
[EventDate "2008.07.19"]
[EventType "swiss"]
[EventRounds "9"]
[EventCountry "FRA"]
[SourceTitle "CBM 125 Extra"]
[Source "ChessBase"]
[SourceDate "2008.09.01"]
[SourceVersion "1"]
[SourceVersionDate "2008.09.01"]
[SourceQuality "1"]

1. c4 c6 2. Nf3 d5 3. b3 Nf6 4. g3 g6 5. Bg2 Bg7 6. Bb2 0-0 7. 0-0 Nbd7 8. d3 Re8 9. Nbd2 b6 10. Rc1 Bb7 11. Rc2 e5 12. cxd5 cxd5 13. Qa1 Nh5 14. Rfc1 Rc8 15. Rxc8 Bxc8 16. Rc2 f6 17. Qc1 Bf8 18. Bh3 f5 19. e3 Ba6 20. d4 e4 21. Ne1 Ndf6 22. Ba3 Bd6 23. Bxd6 Qxd6 24. Rc6 Qb8 25. Bf1 Bb7 26. Rc7 Ng7 27. Bb5 Rc8 28. Rxc8+ Qxc8 29. Qxc8+ Bxc8 30. Nb1 Kf8 31. Nc3 Ke7 32. Nc2 Ne6 33. Nb4 Nc7 34. Be2 Kd6 35. Nb5+ Nxb5 36. Bxb5 a5 37. Nc2 Bd7 38. Be2 Ne8 39. Kf1 Nc7 40. Ke1 Bb5 41. Bxb5 Nxb5 42. Kd2 Kc6 43. a4 Nd6 44. Na3 b5 45. axb5+ Nxb5 46. Nc2 g5 47. Ne1 Nd6 48. Kc3 Nb5+ 49. Kd2 Na3 50. Kc3 Nb5+ 51. Kb2 f4 52. gxf4 gxf4 53. Ng2 f3 54. Nf4 Nd6 55. Kc2 Nf5 56. Kd2 Nh6 57. h3 Nf5 58. Kd1 Kd6 59. Kd2 Nh4 60. Kd1 Ng2 61. Nh5 Ke6 62. Kd2 Kf7 63. Kd1 Kg6 64. Ng3 Kg5 65. Kd2 Nh4 66. Kc3 Ng2 67. Kd2 h5 68. Kd1 Kh4 69. Kd2 Kg5 70. Kd1 Nh4 71. Kd2 Nf5 72. Nxf5 Kxf5 73. h4 Kg4 74. Ke1 Kh3 75. Kf1 Kh2 0-1

[Event "Avoine op 22nd"]
[Site "Avoine"]
[Date "2007.07.22"]
[Round "2"]
[White "Di Meglio, Jean Pierre"]
[Black "Delalande, Thierry"]
[Result "0-1"]
[WhiteElo "2012"]
[BlackElo "2128"]
[PlyCount "72"]
[EventDate "2007.07.21"]
[EventType "swiss"]
[EventRounds "9"]
[EventCountry "FRA"]
[SourceTitle "EXT 2010"]
[Source "ChessBase"]
[SourceDate "2010.11.25"]
[SourceVersion "1"]
[SourceVersionDate "2010.11.25"]
[SourceQuality "1"]

1. e4 c5 2. c4 Nc6 3. Ne2 g6 4. Nbc3 Bg7 5. d3 d6 6. h3 e6 7. Be3 Nd4 8. Nc1 Ne7 9. g3 0-0 10. Bg2 Rb8 11. a4 b6 12. 0-0 Bb7 13. Bf4 e5 14. Be3 f5 15. f4 Qd7 16. N1e2 Nec6 17. Rc1 Rbe8 18. Nd5 Nxe2+ 19. Qxe2 Nd4 20. Qd1 Kh8 21. b3 Bc6 22. Bd2 Rb8 23. Rb1 a6 24. Kh2 b5 25. axb5 axb5 26. Bc3 bxc4 27. exf5 Nxf5 28. fxe5 Bxd5 29. Bxd5 Ne3 30. Rxf8+ Rxf8 31. e6 Nxd1 32. exd7 Nxc3 33. Re1 Be5 34. Bxc4 Rd8 35. Be6 Nb5 36. Bd5 Nd4 0-1

[Event "Avoine op 21th"]
[Site "Avoine"]
[Date "2006.07.27"]
[Round "6"]
[White "Cantagrel, Sylvain"]
[Black "Delalande, Thierry"]
[Result "1/2-1/2"]
[WhiteElo "1960"]
[BlackElo "2121"]
[PlyCount "44"]
[EventDate "2006.07.22"]
[EventType "swiss"]
[EventRounds "9"]
[EventCountry "FRA"]
[SourceTitle "EXT 2007"]
[Source "ChessBase"]
[SourceDate "2006.11.23"]
[SourceVersion "1"]
[SourceVersionDate "2006.11.23"]
[SourceQuality "1"]

1. e4 c5 2. Nf3 d6 3. d4 cxd4 4. Nxd4 Nf6 5. Nc3 a6 6. Bc4 e6 7. Bb3 Nbd7 8. 0-0 Nc5 9. Qf3 Qc7 10. a4 Nxb3 11. Nxb3 b6 12. Re1 Bb7 13. Qg3 Nd7 14. Be3 h5 15. f3 h4 16. Qf2 h3 17. g3 Be7 18. Rad1 0-0-0 19. a5 b5 20. Rd3 Nc5 21. Nxc5 dxc5 22. Red1 Rxd3 1/2-1/2

[Event "Avoine op 21th"]
[Site "Avoine"]
[Date "2006.07.25"]
[Round "4"]
[White "Bouhallel, Rabah"]
[Black "Delalande, Thierry"]
[Result "1/2-1/2"]
[WhiteElo "2317"]
[BlackElo "2121"]
[PlyCount "64"]
[EventDate "2006.07.22"]
[EventType "swiss"]
[EventRounds "9"]
[EventCountry "FRA"]
[SourceTitle "EXT 2007"]
[Source "ChessBase"]
[SourceDate "2006.11.23"]
[SourceVersion "1"]
[SourceVersionDate "2006.11.23"]
[SourceQuality "1"]

1. d3 d5 2. Nd2 e5 3. Ngf3 Nc6 4. e4 Nf6 5. c3 a5 6. Be2 Bc5 7. 0-0 0-0 8. Qc2 Re8 9. h3 b6 10. Re1 Bb7 11. Nf1 Bd6 12. Bg5 dxe4 13. dxe4 h6 14. Be3 Ne7 15. Ng3 Ng6 16. Rad1 Qb8 17. Nd2 Bc6 18. a4 Qb7 19. Bb5 Rad8 20. Qb3 Bxb5 21. Qxb5 Bf8 22. f3 Qc8 23. Nc4 Qe6 24. Rxd8 Rxd8 25. b4 axb4 26. cxb4 Ra8 27. Rc1 c6 28. Qxb6 Rxa4 29. Bd2 Nd7 30. Qb7 Nc5 31. bxc5 Rxc4 32. Qb8 Kh7 1/2-1/2

[Event "FRA-chT2A 0506"]
[Site "France"]
[Date "2006.03.12"]
[Round "9.6"]
[White "Maleki, Manuel"]
[Black "Delalande, Thierry"]
[Result "1-0"]
[WhiteElo "2134"]
[BlackElo "2155"]
[PlyCount "107"]
[EventDate "2005.10.27"]
[EventType "team-tourn"]
[EventRounds "11"]
[EventCountry "FRA"]
[SourceTitle "EXT 2006"]
[Source "ChessBase"]
[SourceDate "2005.11.24"]
[SourceVersion "1"]
[SourceVersionDate "2005.11.24"]
[SourceQuality "1"]
[WhiteTeam "Tours"]
[BlackTeam "Nantes"]
[WhiteTeamCountry "FRA"]
[BlackTeamCountry "FRA"]

1. Nf3 d5 2. d4 Nf6 3. c4 c6 4. Qb3 e6 5. Nc3 a6 6. Bg5 Nbd7 7. e4 dxe4 8. Nxe4 Be7 9. Nc3 0-0 10. Rd1 Qc7 11. Be2 e5 12. Qc2 exd4 13. Nxd4 Nc5 14. Nf5 Bxf5 15. Qxf5 g6 16. Qf3 Nh5 17. Be3 Rad8 18. 0-0 Ne6 19. g3 Nhg7 20. Bd3 f5 21. Ne2 Nh5 22. Bh6 Rf6 23. Rfe1 Bb4 24. Rf1 Re8 25. a3 Bf8 26. Bxf8 Rfxf8 27. h4 Nf6 28. b4 Ng4 29. c5 Ne5 30. Qe3 Ng4 31. Qc1 Qg7 32. Bc4 Kh8 33. Rd6 Nc7 34. Rfd1 Ne5 35. Nf4 Rf6 36. Qc3 Nxc4 37. Rxf6 Ne5 38. Rfd6 Nb5 39. Qe3 Nxd6 40. cxd6 Qf7 41. Kg2 Nd7 42. Qa7 Nf6 43. d7 Rd8 44. Qxb7 Rxd7 45. Rxd7 Qxd7 46. Qxa6 Kg7 47. Qd3 Qe7 48. Qd4 Kf8 49. a4 Kf7 50. a5 Qb7 51. Qc4+ Nd5 52. a6 Qa8 53. Nxd5 cxd5 54. Qc7+ 1-0

[Event "FRA-chT2A 0506"]
[Site "France"]
[Date "2006.02.05"]
[Round "7.7"]
[White "Lebreton, Flavien"]
[Black "Delalande, Thierry"]
[Result "1-0"]
[WhiteElo "1953"]
[BlackElo "2155"]
[PlyCount "43"]
[EventDate "2005.10.27"]
[EventType "team-tourn"]
[EventRounds "11"]
[EventCountry "FRA"]
[SourceTitle "EXT 2006"]
[Source "ChessBase"]
[SourceDate "2005.11.24"]
[SourceVersion "1"]
[SourceVersionDate "2005.11.24"]
[SourceQuality "1"]
[WhiteTeam "Sautron"]
[BlackTeam "Nantes"]
[WhiteTeamCountry "FRA"]
[BlackTeamCountry "FRA"]

1. d4 d5 2. Nf3 Nf6 3. c4 c6 4. Nc3 e6 5. Bg5 h6 6. Bh4 dxc4 7. e4 g5 8. Bg3 b5 9. Be2 Bb7 10. 0-0 Nbd7 11. d5 cxd5 12. Nxb5 Rc8 13. exd5 Bxd5 14. Nxa7 Rc5 15. a4 Nh5 16. b4 cxb3 17. Be5 Rg8 18. Bd4 Nf4 19. Bb5 Bg7 20. Bxc5 Bxa1 21. Qxa1 g4 22. Ne5 1-0

[Event "FRA-chT2A 0506"]
[Site "France"]
[Date "2006.01.14"]
[Round "5.5"]
[White "Delalande, Thierry"]
[Black "Trens, Yohan"]
[Result "1/2-1/2"]
[WhiteElo "2153"]
[BlackElo "2014"]
[PlyCount "37"]
[EventDate "2005.10.27"]
[EventType "team-tourn"]
[EventRounds "11"]
[EventCountry "FRA"]
[SourceTitle "EXT 2006"]
[Source "ChessBase"]
[SourceDate "2005.11.24"]
[SourceVersion "1"]
[SourceVersionDate "2005.11.24"]
[SourceQuality "1"]
[WhiteTeam "Nantes"]
[BlackTeam "Clermont Ferrand"]
[WhiteTeamCountry "FRA"]
[BlackTeamCountry "FRA"]

1. d4 d5 2. c4 c6 3. Nc3 Nf6 4. e3 e6 5. Nf3 Nbd7 6. Bd3 dxc4 7. Bxc4 b5 8. Bd3 Bb7 9. e4 b4 10. Na4 c5 11. e5 Nd5 12. 0-0 cxd4 13. Re1 Be7 14. Nxd4 Qa5 15. Bd2 0-0 16. a3 Rfd8 17. axb4 Nxb4 18. Nf3 h6 19. Be4 1/2-1/2

[Event "Avoine op 20th"]
[Site "Avoine"]
[Date "2005.07.27"]
[Round "5"]
[White "Tripoteau, Nicolas"]
[Black "Delalande, Thierry"]
[Result "1-0"]
[WhiteElo "2295"]
[BlackElo "2148"]
[PlyCount "43"]
[EventDate "2005.07.23"]
[EventType "swiss"]
[EventRounds "9"]
[EventCountry "FRA"]
[SourceTitle "EXT 2007"]
[Source "ChessBase"]
[SourceDate "2006.11.23"]
[SourceVersion "1"]
[SourceVersionDate "2006.11.23"]
[SourceQuality "1"]

1. d4 d5 2. Nf3 Nf6 3. c4 c6 4. e3 e6 5. Nbd2 Nbd7 6. b3 Bd6 7. Bb2 0-0 8. Bd3 Re8 9. Ne5 c5 10. 0-0 b6 11. Qf3 Bb7 12. Qh3 Nf8 13. cxd5 exd5 14. Ndf3 h6 15. Rfd1 Qe7 16. Nh4 Bc8 17. Nf5 Bxf5 18. Bxf5 Ne6 19. Nc6 Qf8 20. dxc5 bxc5 21. Bxf6 gxf6 22. Qg4+ 1-0

[Event "Avoine op 20th"]
[Site "Avoine"]
[Date "2005.07.24"]
[Round "2"]
[White "Delalande, Thierry"]
[Black "Vekemans, Denis"]
[Result "1-0"]
[WhiteElo "2148"]
[BlackElo "2024"]
[PlyCount "121"]
[EventDate "2005.07.23"]
[EventType "swiss"]
[EventRounds "9"]
[EventCountry "FRA"]
[SourceTitle "EXT 2007"]
[Source "ChessBase"]
[SourceDate "2006.11.23"]
[SourceVersion "1"]
[SourceVersionDate "2006.11.23"]
[SourceQuality "1"]

1. d4 g6 2. c4 f5 3. Nc3 Bg7 4. Nf3 Nf6 5. g3 d6 6. Bg2 c6 7. 0-0 0-0 8. d5 Na6 9. dxc6 Nc5 10. Nd4 Nfe4 11. Nxe4 fxe4 12. b4 b6 13. Rb1 Na4 14. Nb5 Nc3 15. Nxc3 Bxc3 16. c7 Qxc7 17. Qd5+ e6 18. Qxe4 Rb8 19. Bh6 Rf5 20. Qd3 Be5 21. Rbd1 g5 22. Be4 Ba6 23. b5 Bb7 24. Bxf5 exf5 25. Bxg5 Be4 26. Qb3 Qg7 27. Bc1 Kh8 28. f4 Bd4+ 29. e3 Bc3 30. Bd2 Bf6 31. Rf2 h5 32. Bc1 h4 33. Bb2 hxg3 34. hxg3 Qxg3+ 35. Kf1 Qh3+ 36. Ke1 Qh1+ 37. Kd2 Qh4 38. Bxf6+ Qxf6 39. Qc3 Kg7 40. Rh2 Qxc3+ 41. Kxc3 Rd8 42. Rg1+ Kf7 43. Rh7+ Kf8 44. Rh8+ Ke7 45. Rg7+ Kf6 46. Rxd8 Kxg7 47. Rxd6 Kf8 48. Rd7 Ke8 49. Rxa7 Kd8 50. Kd4 Kc8 51. Rg7 Bb1 52. a3 Bc2 53. c5 Ba4 54. cxb6 Bxb5 55. Kc5 Ba6 56. Kc6 Kd8 57. b7 Bxb7+ 58. Rxb7 Kc8 59. a4 Kd8 60. a5 Kc8 61. a6 1-0

[Event "Avoine op 20th"]
[Site "Avoine"]
[Date "2005.07.24"]
[Round "1"]
[White "Pailhe, Lionel"]
[Black "Delalande, Thierry"]
[Result "1/2-1/2"]
[WhiteElo "2022"]
[BlackElo "2148"]
[PlyCount "83"]
[EventDate "2005.07.23"]
[EventType "swiss"]
[EventRounds "9"]
[EventCountry "FRA"]
[SourceTitle "EXT 2007"]
[Source "ChessBase"]
[SourceDate "2006.11.23"]
[SourceVersion "1"]
[SourceVersionDate "2006.11.23"]
[SourceQuality "1"]

1. e4 c5 2. Nf3 d6 3. d4 cxd4 4. Nxd4 Nf6 5. Nc3 a6 6. f4 e6 7. Bd3 b5 8. 0-0 Bb7 9. a3 Nbd7 10. Kh1 Be7 11. Qe1 Nc5 12. e5 dxe5 13. fxe5 Nxd3 14. cxd3 Qxd4 15. exf6 Bxf6 16. Be3 Qg4 17. Ne4 Bxe4 18. dxe4 0-0 19. Rxf6 gxf6 20. Bh6 Rfd8 21. h3 Qg6 22. Qe3 Rac8 23. Rg1 Rc4 24. Re1 Rdd4 25. b3 Rxe4 26. Rd1 Rc8 27. Qd2 Rd4 28. Qxd4 Qxh6 29. Rd3 Kh8 30. Rf3 Qc1+ 31. Kh2 Qc7+ 32. Kh1 Qe5 33. Qxe5 fxe5 34. Rxf7 Rc1+ 35. Kh2 Ra1 36. Re7 Rxa3 37. Rxe6 Kg7 38. b4 Ra4 39. Kg3 Kf7 40. Rh6 Kg7 41. Re6 Kf7 42. Rh6 1/2-1/2

[Event "FRA-chT2W 0203"]
[Site "France"]
[Date "2003.03.15"]
[Round "8"]
[White "Bancel, Gerard"]
[Black "Delalande, Thierry"]
[Result "1/2-1/2"]
[WhiteElo "2132"]
[BlackElo "2169"]
[PlyCount "93"]
[EventDate "2002.10.??"]
[EventType "team"]
[EventRounds "11"]
[EventCountry "FRA"]
[SourceTitle "EXT 2004"]
[Source "ChessBase"]
[SourceDate "2003.11.25"]
[SourceVersion "1"]
[SourceVersionDate "2003.11.25"]
[SourceQuality "1"]
[WhiteTeam "Bordeaux II"]
[BlackTeam "Nantes"]
[WhiteTeamCountry "FRA"]
[BlackTeamCountry "FRA"]

1. e4 c5 2. Nf3 d6 3. Nc3 Nf6 4. g3 g6 5. Bg2 Bg7 6. 0-0 Nc6 7. Re1 0-0 8. d3 e5 9. h3 Be6 10. Be3 Nd4 11. Kh2 Qd7 12. Ng5 b5 13. Qd2 Rab8 14. Ne2 b4 15. c3 bxc3 16. bxc3 Nxe2 17. Rxe2 Qa4 18. Nxe6 fxe6 19. Qc2 Qxc2 20. Rxc2 Nd7 21. Rd1 Rfc8 22. h4 Rb6 23. Bh3 Kf7 24. f4 Ke7 25. f5 exf5 26. exf5 Rcb8 27. fxg6 hxg6 28. Rf1 Rb2 29. Rxb2 Rxb2+ 30. Rf2 Rxf2+ 31. Bxf2 Nb6 32. Bg2 Bh6 33. Be4 Kf7 34. g4 Bd2 35. c4 Na4 36. Bc6 Nc3 37. a4 Nd1 38. Kg2 Nb2 39. h5 gxh5 40. gxh5 Nxd3 41. Kf3 Bg5 42. a5 Kf6 43. a6 Nf4 44. Kg4 Nd3 45. Bg3 Nb4 46. Bb7 Nc2 47. Bf2 1/2-1/2

[Event "FRA-chT2W 0203"]
[Site "France"]
[Date "2003.02.02"]
[Round "7"]
[White "Desbois, Antoine"]
[Black "Delalande, Thierry"]
[Result "0-1"]
[WhiteElo "2050"]
[BlackElo "2169"]
[PlyCount "82"]
[EventDate "2002.10.??"]
[EventType "team"]
[EventRounds "11"]
[EventCountry "FRA"]
[SourceTitle "EXT 2004"]
[Source "ChessBase"]
[SourceDate "2003.11.25"]
[SourceVersion "1"]
[SourceVersionDate "2003.11.25"]
[SourceQuality "1"]
[WhiteTeam "Brest"]
[BlackTeam "Nantes"]
[WhiteTeamCountry "FRA"]
[BlackTeamCountry "FRA"]

1. e4 c5 2. Nf3 d6 3. g3 g6 4. Bg2 Bg7 5. d3 Nc6 6. 0-0 e6 7. c3 Nge7 8. Be3 0-0 9. Na3 Bd7 10. Qd2 Qc7 11. Rab1 Rac8 12. Bh6 Ne5 13. Bxg7 Kxg7 14. Ne1 Bc6 15. f4 Ng4 16. h3 Nh6 17. Nf3 f6 18. Rbe1 Nf7 19. Nc2 Rfe8 20. Ne3 f5 21. e5 dxe5 22. Nxe5 Bxg2 23. Nxg2 Nc6 24. Nxc6 Qxc6 25. Ne3 Rcd8 26. Nc4 Qd5 27. Re3 Qxc4 28. Qe2 Qd5 29. c4 Qd4 30. g4 fxg4 31. hxg4 Nh6 32. Kh1 Nxg4 33. Rxe6 Rxe6 34. Qxe6 Qd7 35. Qe2 Re8 36. Qd2 Qc6+ 37. Kg1 Qf6 38. f5 gxf5 39. Qf4 Qd4+ 40. Qxd4+ cxd4 41. Rxf5 Re1+ 0-1

[Event "FRA-chT2W 0203"]
[Site "France"]
[Date "2002.11.17"]
[Round "3"]
[White "Delalande, Thierry"]
[Black "Debray, Christopher"]
[Result "0-1"]
[WhiteElo "2176"]
[BlackElo "2095"]
[PlyCount "106"]
[EventDate "2002.10.??"]
[EventType "team"]
[EventRounds "11"]
[EventCountry "FRA"]
[SourceTitle "EXT 2004"]
[Source "ChessBase"]
[SourceDate "2003.11.25"]
[SourceVersion "1"]
[SourceVersionDate "2003.11.25"]
[SourceQuality "1"]
[WhiteTeam "Nantes"]
[BlackTeam "Evry II"]
[WhiteTeamCountry "FRA"]
[BlackTeamCountry "FRA"]

1. d4 d5 2. c4 e6 3. Nc3 Nf6 4. cxd5 exd5 5. Bg5 Be7 6. e3 c6 7. Bd3 0-0 8. Qc2 h6 9. Bh4 a5 10. Nge2 Nbd7 11. 0-0 Re8 12. Rad1 Bf8 13. h3 g5 14. Bg3 Nh5 15. Bh2 Ndf6 16. e4 dxe4 17. Nxe4 Nxe4 18. Bxe4 f5 19. Bd3 Bd6 20. Be5 Bxe5 21. dxe5 Qe7 22. Bxf5 Bxf5 23. Qxf5 Qxe5 24. Qg6+ Ng7 25. Nd4 Rad8 26. Nf3 Qe6 27. Qxe6+ Nxe6 28. Rxd8 Rxd8 29. Re1 Nc5 30. Re7 Rd7 31. Re8+ Kg7 32. Ra8 a4 33. Kf1 Rd1+ 34. Ke2 Rb1 35. Ra5 Rxb2+ 36. Ke3 Rb5 37. Ra7 Kf6 38. Nd4 Rb2 39. a3 Ra2 40. Ra5 Rxa3+ 41. Ke2 Nb3 42. Nxb3 Rxb3 43. Rxa4 b5 44. Ra8 Rc3 45. Kd2 b4 46. Ra6 Ke5 47. Rb6 Rc4 48. h4 gxh4 49. Kd3 Kd5 50. f3 Rc3+ 51. Kd2 Kc5 52. Rb8 h3 53. gxh3 Rxf3 0-1

[Event "FRA-chT1"]
[Site "France"]
[Date "2002.??.??"]
[Round "10.6"]
[White "Delalande, Thierry"]
[Black "Godard, Maxence"]
[Result "1/2-1/2"]
[WhiteElo "2182"]
[BlackElo "2383"]
[PlyCount "92"]
[EventDate "2002.02.??"]
[EventType "team"]
[EventRounds "11"]
[EventCountry "FRA"]
[SourceTitle "EXT 2003"]
[Source "ChessBase"]
[SourceDate "2002.11.25"]
[SourceVersion "1"]
[SourceVersionDate "2002.11.25"]
[SourceQuality "1"]
[WhiteTeam "Sautron"]
[BlackTeam "Drancy"]
[WhiteTeamCountry "FRA"]
[BlackTeamCountry "FRA"]

1. d4 Nf6 2. c4 e6 3. Nc3 Bb4 4. Qc2 c5 5. dxc5 Na6 6. a3 Bxc3+ 7. Qxc3 Nxc5 8. f3 d5 9. cxd5 b6 10. b4 Na4 11. Qc2 b5 12. e4 a6 13. Bd3 exd5 14. e5 Ng8 15. Ne2 Bd7 16. Be3 Rc8 17. Qd2 Ne7 18. Nd4 0-0 19. 0-0 Nb6 20. f4 f5 21. Bf2 Qc7 22. Nb3 Rcd8 23. Bc5 Rf7 24. Qe3 Nc4 25. Bxc4 dxc4 26. e6 Bxe6 27. Qxe6 cxb3 28. Qxb3 Nd5 29. Rad1 Rfd7 30. g3 Kh8 31. Rfe1 Nf6 32. Rxd7 Qxd7 33. Qe6 Ne4 34. Qxd7 Rxd7 35. Bb6 Kg8 36. Rc1 Kf7 37. Bc7 Nd2 38. Rc6 Nf3+ 39. Kg2 Nd4 40. Rc3 Ke6 41. Be5 g6 42. Kf2 Kd5 43. Ke3 Ne6 44. Rc8 Rb7 45. Kd3 Rd7 46. Ke3 Rb7 1/2-1/2

[Event "Paris-ch op"]
[Site "Paris"]
[Date "2001.07.28"]
[Round "8"]
[White "Santo Roman, Marc"]
[Black "Delalande, Thierry"]
[Result "1-0"]
[WhiteElo "2426"]
[BlackElo "2171"]
[PlyCount "49"]
[EventDate "2001.07.21"]
[EventType "swiss"]
[EventRounds "9"]
[EventCountry "FRA"]
[SourceTitle "CBM 083 Extra"]
[Source "ChessBase"]
[SourceDate "2001.09.11"]
[SourceVersion "1"]
[SourceVersionDate "2001.09.11"]
[SourceQuality "1"]

1. e4 c5 2. Nf3 d6 3. d4 cxd4 4. Nxd4 Nf6 5. Nc3 a6 6. f4 e6 7. Bd3 Be7 8. 0-0 Qc7 9. Kh1 0-0 10. Qf3 Nbd7 11. a4 b6 12. Bd2 Bb7 13. b4 Nb8 14. Qh3 e5 15. fxe5 dxe5 16. Nf5 Bc8 17. Nd5 Nxd5 18. exd5 Bxf5 19. Bxf5 g6 20. Bh6 Rd8 21. Be6 fxe6 22. Qxe6+ Kh8 23. Rf7 Qd6 24. Qxe7 Qxe7 25. Rxe7 1-0

[Event "Paris-ch op"]
[Site "Paris"]
[Date "2001.07.27"]
[Round "7"]
[White "Delalande, Thierry"]
[Black "Van de Oudeweetering, Arthur"]
[Result "1/2-1/2"]
[WhiteElo "2171"]
[BlackElo "2409"]
[PlyCount "46"]
[EventDate "2001.07.21"]
[EventType "swiss"]
[EventRounds "9"]
[EventCountry "FRA"]
[SourceTitle "CBM 083 Extra"]
[Source "ChessBase"]
[SourceDate "2001.09.11"]
[SourceVersion "1"]
[SourceVersionDate "2001.09.11"]
[SourceQuality "1"]

1. d4 d5 2. c4 c6 3. Nc3 Nf6 4. e3 e6 5. Nf3 Nbd7 6. Bd3 dxc4 7. Bxc4 b5 8. Bd3 a6 9. e4 c5 10. e5 cxd4 11. Nxb5 Ng4 12. Qa4 Bb7 13. Nbxd4 Qb6 14. 0-0 Bc5 15. h3 Bxf3 16. hxg4 Bb7 17. Nb3 0-0 18. Bf4 Bc6 19. Qa5 Rfb8 20. Rac1 Qxa5 21. Nxa5 Bd5 22. b3 g5 23. Bg3 Rc8 1/2-1/2